[Event "Prestwick Airport Major"]
[Site "Prestwick"]
[Date "2011.05.14"]
[Round "2"]
[White "King, Chris"]
[Black "O'Brien, Robert J"]
[Result "0-1"]
[WhiteElo "1140"]
[BlackElo "1566"]
[PlyCount "112"]
[EventDate "2011.05.13"]
[EventType "swiss"]
[EventRounds "5"]
[EventCountry "SCO"]
[SourceTitle "EXT 2023"]
[Source "ChessBase"]
[SourceDate "2022.10.05"]
[SourceVersion "1"]
[SourceVersionDate "2022.10.05"]
[SourceQuality "1"]

1. d4 b5 2. e3 b4 3. f4 e6 4. Nf3 Nf6 5. Bd3 Bb7 6. c3 a5 7. Bd2 c5 8. 0-0 Nc6 9. Ne5 d6 10. Nxc6 Bxc6 11. Bc2 Be7 12. Ba4 Qc7 13. Bxc6+ Qxc6 14. Qf3 d5 15. a3 bxa3 16. bxa3 c4 17. Be1 Ne4 18. f5 0-0 19. a4 Rab8 20. Qd1 exf5 21. Rxf5 Qe6 22. Re5 Qd7 23. Qc2 g6 24. Rxe4 dxe4 25. Qxe4 Qe6 26. Qxe6 fxe6 27. Nd2 Bg5 28. Bf2 Rb2 29. Ne4 Bh6 30. g4 Rfb8 31. Nf6+ Kh8 32. Rf1 Rb1 33. h4 Rxf1+ 34. Kxf1 Rb1+ 35. Kg2 Ra1 36. g5 Bg7 37. Ne4 Kg8 38. Nc5 Kf7 39. Bg3 Ra3 40. Be1 Bf8 41. Kf3 Ra1 42. Bd2 Bxc5 43. dxc5 Ke7 44. Ke4 Rd1 45. Kd4 Rxd2+ 46. Kxc4 Rc2 47. c6 Kd6 48. Kd4 Kxc6 49. Ke5 Kd7 50. e4 Ke7 51. Kd4 Kd6 52. e5+ Kc6 53. Kc4 Rh2 54. Kd3 Rxh4 55. c4 Rh5 56. Kd4 Rxg5 0-1